Dicionário de verbos franceses (Registo nº 705)
[ vista simples ]
| 000 -Etiqueta do registo | |
|---|---|
| Cabeçalho | 00748cam a2200301 4500 |
| 005 - Identificador da versão | |
| Campo de controlo | 20240813121810.0 |
| 010 ## - Número internacional normalizado dos livros (ISBN) | |
| Número (ISBN) | 9720010355 |
| 021 ## - Número do Depósito Legal | |
| Código do país | PT |
| Número | 140086/99 |
| 035 ## - Other System Control Numbers | |
| System Control Number | 0000735 |
| System Control Number | 0000730 |
| System Control Number | 0000730 |
| System Control Number | 0000718 |
| 100 ## - Dados gerais de processamento | |
| Dados gerais de processamento | 20000411d1999 em y0pory5003 ba |
| 102 ## - Pais de publicação ou produção | |
| País de publicação | Portugal |
| 101 0# - Língua de publicação | |
| Língua do texto, banda sonora, etc. | Português |
| -- | Francês |
| 106 ## - Campo de dados codificados: material textual | |
| Dados codificados do material textual | r |
| 105 ## - Campo de dados codificados: livros | |
| Dados codificados dos livros | y e 000yy |
| 215 ## - Descrição física | |
| Indicação específica da natureza do documento e extensão da espécie | 318 p. |
| Dimensões | 25 cm |
| 200 1# - Titulo e menção de responsabilidade | |
| Título próprio | Dicionário de verbos franceses |
| 225 2# - Colecção | |
| Título próprio da colecção | Dicionários editora |
| 205 ## - Menção da edição | |
| Menção da edição | 1ª ed |
| 210 ## - Publicação, Distribuição, etc. | |
| Lugar da edição, distribuição, etc. | Porto |
| Nome do editor, distribuidor, etc. | Porto Editora |
| Data da publicação, distribuição, etc. | 1999 |
| 606 ## - Nome comum usado como assunto | |
| Número de registo de entrada de autoridade | 0000936 |
| Palavra de ordem | Língua francesa |
| Subdivisão de assunto | Verbos |
| -- | [Dicionários] |
| Código do sistema | SIPOR |
| 675 ## - Classificação Decimal Universal (CDU) | |
| Notação | 811.133.1'36(038) |
| Edição | BN |
| Língua da edição | por |
| Edição | BN |
| Língua da edição | por |
| 942 ## - Elementos de entrada adicionados (Koha) | |
| Tipo de item no Koha | Livro |
| Situação do levantamento | Origin of item (home branch) (coded) | Biblioteca de empréstimo | Código de barras | Cota | Circulation type (not for loan) | Tipo de documento | Nota do exemplar | Damaged status |
|---|---|---|---|---|---|---|---|---|
| Biblioteca Escolar Eng. Nuno Mergulhão | Biblioteca Escolar Eng. Nuno Mergulhão | BENM1194 | 811 DIC | Cativo | Sem mensagem |
